Statistics for Biggest trading partners - Australia

Click here to take the quiz!

General Stats

  • This quiz has been taken 33 times
  • The average score is 37 of 38

Answer Stats

HintAnswer% Correct
2,011Canada
100%
2,704Canada
100%
3,559Germany
100%
14,326Germany
100%
19,513India
100%
8,130India
100%
10,867Indonesia
100%
4,952Indonesia
100%
1,014Italy
100%
7,563Italy
100%
64,437Japan
100%
20,355Japan
100%
6,726New Zealand
100%
11,611New zealand
100%
12,854South Korea
100%
36,555South Korea
100%
16,231Taiwan
100%
6,796Taiwan
100%
4,738United Kingdom
100%
7,139United Kingdom
100%
34,214United States
100%
16,653United States
100%
91,559China
96%
179,257China
96%
1,919France
96%
5,919France
96%
8,474Malaysia
96%
13,402Malaysia
96%
15,610Singapore
92%
12,804Singapore
92%
3,640Netherlands
88%
3,628Netherlands
88%
1,877Saudi Arabia
88%
817Saudi Arabia
88%
6,732Thailand
88%
15,090Thailand
88%
787Philippines
84%
4,142Philippines
84%

Score Distribution

Percentile by Number Answered

Percent of People with Each Score

Your Score History

You have not taken this quiz